[Event "AUTO-BEG-489"]
[Site "http://www.queenalice.com/game.php?id=948433"]
[Date "2011.6.10"]
[Round "1"]
[White "castropereira"]
[Black "williamscaramuzzi"]
[Result "0-1"]
[WhiteElo "1340"]
[BlackElo "1336"]

1. e4 c5 2. h4 Nc6 3. Bb5 Qb6 4. Bxc6 Qxc6 5. h5 Qxe4+ 6. Ne2 Qxg2 7. Rf1 d5 8.
a4 Bh3 9. d3 Qxf1+ 10. Kd2 Qxf2 11. Na3 Nf6 12. Nb5 Rc8 13. Nxa7 Rd8 14. a5 Ne4+
15. dxe4 dxe4+ 16. Kc3 Rxd1 17. Nc6 Qxe2 18. a6 bxa6 19. Rxa6 Qxa6 20. Ne5 Qa5+
21. Kc4 Qb4# 0-1

[Event "AUTO-BEG-489"]
[Site "http://www.queenalice.com/game.php?id=948434"]
[Date "2011.6.10"]
[Round "1"]
[White "williamscaramuzzi"]
[Black "castropereira"]
[Result "1-0"]
[WhiteElo "1321"]
[BlackElo "1297"]

1. d4 d5 2. c4 dxc4 3. Nc3 a5 4. e4 g6 5. Bxc4 a4 6. Qf3 f5 7. Bg5 h6 8. Be3
fxe4 9. Qf7+ Kd7 10. Be6+ Kd6 11. Bf4+ Kc6 12. Bd5+ Kb6 13. Qxg6+ Ka7 14. Nb5#
1-0

[Event "Brazil Chess in Mind"]
[Site "http://www.queenalice.com/game.php?id=956282"]
[Date "2011.7.3"]
[Round "-"]
[White "PitBullLoko"]
[Black "williamscaramuzzi"]
[Result "0-1"]
[WhiteElo "1498"]
[BlackElo "1352"]

1. e4 c5 2. d4 cxd4 3. Qxd4 Nc6 4. Qc4 e5 5. Nf3 Nf6 6. Nc3 Bb4 7. Be2 Bxc3+ 8.
Qxc3 Nxe4 9. Qb3 d5 10. Bb5 Qb6 11. Bxc6+ bxc6 12. Qxb6 axb6 13. Nxe5 c5 14. Bf4
Ba6 15. a3 O-O 16. O-O-O Nxf2 17. Rxd5 Nxh1 18. Nc6 Bb7 19. Rd8 Raxd8 20. Nxd8
Rxd8 21. Bc7 Rd7 22. Bxb6 Bxg2 23. Bxc5 Bf3 24. b4 f5 0-1

[Event "Partida"]
[Site "http://www.queenalice.com/game.php?id=956362"]
[Date "2011.7.3"]
[Round "-"]
[White "williamscaramuzzi"]
[Black "UIA"]
[Result "0-1"]
[WhiteElo "1410"]
[BlackElo "1476"]

1. d4 c5 2. c4 cxd4 3. Qxd4 Nc6 4. Qd1 e5 5. e4 Bc5 6. Nf3 Nf6 7. Nc3 h6 8. Nd5
O-O 9. Nxf6+ Qxf6 10. Be2 Qg6 11. Nh4 Qxe4 12. Nf3 Qg6 13. O-O d6 14. Nh4 Qf6
15. Bd3 Qxh4 16. Qf3 Nd4 17. Qg3 Qxg3 18. hxg3 Bf5 19. Bxf5 Nxf5 20. Kh2 a5 21.
Bd2 Bd4 22. Rab1 b6 23. Kh3 Rfc8 24. g4 Ne7 25. b3 f6 26. Rfe1 Bxf2 27. Re2 Bc5
28. Rbe1 g5 29. Rf1 Kg7 30. Rd1 a4 31. Be3 axb3 32. axb3 Rd8 33. Kg3 Ra3 34. Rb1
Rda8 35. Bxc5 dxc5 36. Rd1 Rxb3+ 37. Kf2 Nc6 38. Rd7+ Kg6 39. Red2 Nd4 40. Rb7
Ra1 41. Rc7 Rbb1 42. Kg3 Rb3+ 43. Kh2 Rc1 44. Ra2 h5 45. gxh5+ Kxh5 46. Raa7 Kg4
47. Ra2 Rbb1 48. g3 Rh1+ 49. Kg2 Rbg1+ 50. Kf2 Rf1+ 51. Ke3 Re1+ 52. Kd3 Kxg3
53. Rb7 e4+ 54. Kc3 Re3+ 55. Kd2 Rd3# 0-1

[Event "Partida 3"]
[Site "http://www.queenalice.com/game.php?id=956364"]
[Date "2011.7.3"]
[Round "-"]
[White "williamscaramuzzi"]
[Black "josemsm"]
[Result "1-0"]
[WhiteElo "1374"]
[BlackElo "1677"]

1. e4 e5 2. f4 exf4 3. d4 d5 4. e5 h6 5. Bxf4 f6 6. Qh5+ Ke7 7. Nf3 f5 8. Bg5+
Nf6 9. exf6+ gxf6 10. Bf4 c5 11. dxc5 Qa5+ 12. Bd2 Qxc5 13. Bd3 Rg8 14. a3 Nc6
15. Nh4 Nd4 16. Bxf5 Rg5 17. Qd1 Bxf5 18. Bb4 Nxc2+ 19. Qxc2 Bxc2 20. Bxc5+ Kf7
21. Bxf8 Re8+ 22. Kd2 Bxb1 23. Raxb1 Kxf8 24. Rhf1 Kf7 25. g3 Rge5 26. Rf2 Re4
27. Nf5 Kg6 28. Nd6 Rd4+ 29. Kc3 Re6 30. Kxd4 Rxd6 31. Re1 a5 32. Kc5 Rd7 33.
Re6 d4 34. Rfxf6+ Kg5 35. h3 d3 36. Rxh6 d2 37. Rd6 Rc7+ 38. Kb5 Rc6 39. h4+ Kg4
40. Rhg6+ Kh5 41. Rg5# 1-0

[Event "Challenge"]
[Site "http://www.queenalice.com/game.php?id=994410"]
[Date "2011.10.7"]
[Round "-"]
[White "kleberrocha"]
[Black "williamscaramuzzi"]
[Result "0-1"]
[WhiteElo "1494"]
[BlackElo "1529"]

1. g4 d5 2. g5 e5 3. h4 Nc6 4. e3 Bf5 5. Bg2 Nb4 6. d3 Bg4 7. Bf3 Bxf3 8. Nxf3
e4 9. Nd4 exd3 10. cxd3 c5 11. Qa4+ Qd7 12. Qxd7+ Kxd7 13. Nf3 Nc2+ 14. Kd2 Nxa1
15. b3 c4 16. Ne5+ Ke7 17. dxc4 dxc4 18. Ba3+ Ke6 19. f4 cxb3 20. Bxf8 Rxf8 21.
a3 Rc8 22. Kd3 Ne7 23. Nc3 Rhd8+ 24. Ke4 Rxc3 25. Rxa1 b2 26. Rf1 Rd2 27. f5+
Nxf5 28. Rxf5 b1=Q+ 29. Kf4 Qxf5+ 0-1

[Event "Challenge"]
[Site "http://www.queenalice.com/game.php?id=994411"]
[Date "2011.10.7"]
[Round "-"]
[White "williamscaramuzzi"]
[Black "drglaucoprado"]
[Result "1-0"]
[WhiteElo "1544"]
[BlackElo "1618"]

1. d4 d5 2. Nc3 e6 3. Nf3 Bb4 4. Bd2 Bxc3 5. Bxc3 Nf6 6. e3 O-O 7. Bd3 h6 8. Ne5
c6 9. Ng4 Qb6 10. Nxf6+ gxf6 11. Qg4+ Kh8 12. Qh4 f5 13. Qxh6+ Kg8 14. g4 c5 15.
dxc5 Qxc5 16. Qg7# 1-0

[Event "AUTO-BEG-489"]
[Site "http://www.queenalice.com/game.php?id=994880"]
[Date "2011.10.8"]
[Round "2"]
[White "williamscaramuzzi"]
[Black "lffac"]
[Result "0-1"]
[WhiteElo "1562"]
[BlackElo "1796"]

1. d4 Nf6 2. c4 e6 3. Nc3 c5 4. e4 cxd4 5. e5 dxc3 6. exf6 Qxf6 7. Qc2 cxb2 8.
Bxb2 Bb4+ 9. Kd1 e5 10. Nf3 Qd6+ 11. Nd2 Bxd2 12. Qxd2 Qxd2+ 13. Kxd2 Nc6 14.
Bd3 d6 15. h4 h6 16. g3 b6 17. Rhe1 O-O 18. Re3 Be6 19. f4 exf4 20. gxf4 d5 21.
cxd5 Bxd5 22. Rg1 f6 23. Reg3 Rf7 24. Bg6 Rd7 25. Kc3 Ne7 26. Bd3 Bxa2 27. Rxg7+
Kf8 28. Kc2 Rc8+ 29. Kd2 Rcd8 30. R7g3 Bc4 31. Bxf6 Rxd3+ 32. Ke1 Rd1+ 33. Kf2
R8d2+ 34. Ke3 Nd5+ 35. Ke4 Nxf6+ 36. Kf5 Kf7 37. Rg7+ Kf8 38. R1g6 Rd5+ 39. Ke6
Rd6+ 40. Ke5 Nd7+ 41. Ke4 Bd3+ 0-1

[Event "AUTO-BEG-489"]
[Site "http://www.queenalice.com/game.php?id=994881"]
[Date "2011.10.8"]
[Round "2"]
[White "lffac"]
[Black "williamscaramuzzi"]
[Result "1-0"]
[WhiteElo "1805"]
[BlackElo "1555"]

1. e4 e5 2. Nf3 Nc6 3. Bb5 Nf6 4. d3 Bc5 5. Bxc6 dxc6 6. Nxe5 Bxf2+ 7. Kxf2 Qd4+
8. Ke1 Qxe5 9. Nd2 Bg4 10. Nf3 Qd6 11. h3 Qg3+ 12. Kf1 Bxf3 13. Qxf3 Qxf3+ 14.
gxf3 O-O-O 15. b3 h6 16. f4 Nh5 17. Kf2 g6 18. Bb2 Rhe8 19. Kf3 f5 20. Rhg1
fxe4+ 21. dxe4 Rd2 22. Rg2 Rxg2 23. Kxg2 Nxf4+ 24. Kg3 Rf8 25. Rf1 Nh5+ 26. Kg2
Rxf1 27. Kxf1 Ng3+ 28. Kg2 Nxe4 29. Kf3 Nd2+ 30. Kf4 Kd7 31. Bg7 g5+ 32. Kf5 Nf3
33. Bxh6 Nd4+ 34. Kxg5 Nxc2 35. h4 Ke7 36. Kg6 Nd4 37. h5 Ne6 38. Be3 Kf8 39. h6
Nd8 40. Bc5+ Ke8 41. h7 Nf7 42. Bxa7 1-0

[Event "AUTO-BEG-489"]
[Site "http://www.queenalice.com/game.php?id=994882"]
[Date "2011.10.8"]
[Round "2"]
[White "williamscaramuzzi"]
[Black "Scorch"]
[Result "1-0"]
[WhiteElo "1570"]
[BlackElo "1319"]

1. d4 d5 2. c4 dxc4 3. Nc3 e6 4. e4 Nc6 5. Nf3 Nf6 6. e5 Nd5 7. Bxc4 h5 8. Bg5
f6 9. exf6 gxf6 10. Bh4 a6 11. Ne5 Nxe5 12. dxe5 Bg7 13. Qe2 c6 14. Rd1 O-O 15.
Qxh5 Nxc3 16. Rxd8 Rxd8 17. O-O Ne4 18. exf6 Nxf6 19. Bxf6 Bxf6 20. Qg6+ Bg7 21.
Bxe6+ Bxe6 22. Qxe6+ Kh8 23. h4 Re8 24. Qg6 Rf8 25. h5 Rf6 26. Qe4 Raf8 27. f3
b5 28. g4 c5 29. g5 Rf4 30. Qg6 a5 31. h6 R8f6 32. Qxg7# 1-0

[Event "AUTO-BEG-489"]
[Site "http://www.queenalice.com/game.php?id=994883"]
[Date "2011.10.8"]
[Round "2"]
[White "Scorch"]
[Black "williamscaramuzzi"]
[Result "0-1"]
[WhiteElo "1326"]
[BlackElo "1563"]

1. e4 e5 2. d4 exd4 3. Qxd4 Nc6 4. Qe3 Nb4 5. Qd2 Qe7 6. f3 d5 7. c3 Nc6 8. Qxd5
Be6 9. Qg5 f6 10. Qe3 O-O-O 11. Nd2 Qd7 12. Bc4 Bxc4 13. Nxc4 b6 14. Bd2 Bc5 15.
Qe2 b5 16. Ne3 b4 17. Nf5 bxc3 18. Bxc3 Nge7 19. Nxg7 Nd4 20. Qd2 Rhg8 21. b4
Bb6 22. O-O-O Rxg7 23. Qxd4 Bxd4 24. Bxd4 Qc6+ 25. Kb1 Qa4 26. Ne2 Qxb4+ 27. Kc1
Qc4+ 28. Bc3 Qxe2 29. Rd2 Qe3 30. Rd1 Qxc3+ 31. Rc2 Qa1# 0-1